banner koha

Consumo, digestibilidade e balanço de nitrogênio em ovinos alimentados com rações contendo torta de Crambe (Registro n. 329643)

MARC details
000 -LÍDER
fixed length control field 03758nab a2200385 i 4500
003 - CÓDIGO MARC DA AGÊNCIA CATALOGADORA
Campo de controle BR-BrBNA
005 - DATA E HORA DA ÚLTIMA ATUALIZAÇÃO
Campo de controle 20250122130153.0
008 - CAMPO DE TAMANHO FIXO
fixed length control field 250122b2016 bl.|r|pooa||| 00| 0 por |
040 ## - FONTE DA CATALOGAÇÃO
Agência catalogadora BR-BrBNA
Idioma da catalogação por
072 ## - CATEGORIA AGRIS
Código AGRIS L51
Código do objeto 5240
072 ## - CATEGORIA AGRIS
Código AGRIS L02
100 ## - ENTRADA PRINCIPAL - NOME PESSOAL
Nome pessoal Mizubuti, I.Y.
100 ## - ENTRADA PRINCIPAL - NOME PESSOAL
Nome pessoal Syperreck, M.A.
100 ## - ENTRADA PRINCIPAL - NOME PESSOAL
Nome pessoal Ribeiro, E.L.A.
100 ## - ENTRADA PRINCIPAL - NOME PESSOAL
Nome pessoal Pereira, E.S.
100 ## - ENTRADA PRINCIPAL - NOME PESSOAL
Nome pessoal Pinto, A.P.
100 ## - ENTRADA PRINCIPAL - NOME PESSOAL
Nome pessoal Prado, .P.P.
100 ## - ENTRADA PRINCIPAL - NOME PESSOAL
Nome pessoal Peixoto, E.L.T.
100 ## - ENTRADA PRINCIPAL - NOME PESSOAL
Nome pessoal Parra, A.R.P.
100 ## - ENTRADA PRINCIPAL - NOME PESSOAL
Nome pessoal Massaro Júnior, F.L.
100 ## - ENTRADA PRINCIPAL - NOME PESSOAL
Nome pessoal Guerra, G.L.
245 ## - TÍTULO PRINCIPAL
Título principal Consumo, digestibilidade e balanço de nitrogênio em ovinos alimentados com rações contendo torta de Crambe
500 ## - NOTA GERAL
Nota geral <br/>Publicação online; 24 ref.; 5 tables; Summaries (En, Pt)
942 ## - ADDED ENTRY ELEMENTS (KOHA)
Koha item type Analítica
520 ## - NOTA DE RESUMO
Nota de conteúdo <br/><br/><br/>RESUMO - O objetivo deste trabalho foi avaliar os efeitos da utilização de torta de crambe na ração de ovinos sobre o consumo e a digestibilidade. O delineamento experimental utilizado foi o quadrado latino 4x4 com quatro animais, quatro períodos e quatro tratamentos. Os tratamentos avaliados foram rações com 30% de silagem de sorgo e 70% de torta de crambe (30:70) e rações com 70% de silagem de sorgo e 30% de torta de crambe (70:30) em cordeiros sob consumo voluntário e controlado. Os animais que receberam a ração com a relação 30:70 consumiram mais matéria seca (MS), proteína bruta (PB), extrato etéreo (EE) por kg/dia, % PV/dia e g/kg PV0,75. A relação 30:70 proporcionou maior coeficiente de digestibilidade de MS e FDN. Os animais no regime voluntário apresentaram maior consumo de MS, PB, EE por kg/dia, % PV/dia e g/kg PV0,75. A torta de crambe apresentou coeficientes de digestibilidade superiores à silagem de sorgo, independentemente do regime de consumo. A relação 30:70 apresentou diferença para o N-ingerido e N-absorvido. A torta de crambe apresenta alta digestibilidade dos nutrientes e aceitação pelos animais quando associada à silagem de sorgo.<br/><br/><br/>Palavras-chave: Crambe abyssinica, agroindústria, alimento alternativo, valor nutritivo
520 ## - NOTA DE RESUMO
Nota de conteúdo <br/><br/><br/>ABSTRACT - The aim of this study was to evaluate the effects of using crambe cake in diets for sheep on intake and digestibility. The experimental design was a 4x4 Latin square with four animals, four periods and four treatments. The treatments were diets with 30% sorghum silage and 70% crambe cake (30:70) and a diet with 70% sorghum silage and 30% crambe cake (70:30) in lambs under the voluntary and controlled intake. The animals who fed a diet with a 30:70 ratio consumed more dry matter (DM), crude protein (CP), ether extract (EE) per kg/day, %BW/day and g/kgPV0,75. The ration provided higher digestibility of DM and NDF. The animals in the voluntary regime presented higher consumption of DM, CP, EE per kg/day, %BW/day and g/kgPV0,75. The cake crambe presented digestibility coefficient higher than sorghum silage, regardless of the regime intake. The 30:70 ration presented a difference in N intake and N absorbed. The cake crambe has high nutrient digestibility and acceptance by animals when associated with sorghum silage.<br/><br/><br/>Keywords: Crambe abyssinica, Agribusiness, alternative food, nutritional value
650 ## - ASSUNTO - THESAGRO
Cabeçalho tópico ou nome geográfico OVINO
650 ## - ASSUNTO - THESAGRO
Cabeçalho tópico ou nome geográfico RAÇÃO
650 ## - ASSUNTO - THESAGRO
Cabeçalho tópico ou nome geográfico ALIMENTO ALTERNATIVO
650 ## - ASSUNTO - THESAGRO
Cabeçalho tópico ou nome geográfico DIGESTIBILIDADE
650 ## - ASSUNTO - THESAGRO
Cabeçalho tópico ou nome geográfico VALOR NUTRITIVO
773 0# - ENTRADA ANALÍTICA
Host Biblionumber 1643
Registro do item 347391
Imprenta Belo Horizonte-MG Universidade Federal de Minas Gerais - Escola de Veterinaria 1983
Outro identificador 2024-8404
Título Arquivo Brasileiro de Medicina Veterinária e Zootecnia (Brazil)
ISSN 0102-0935
Colação v. 68(3) p. 761-768; (2016)
Número de controle de registro BR2024004500
856 ## - ACESSO E ENDEREÇO ELETRÔNICO
Identificador uniforme de recurso - URI https://www.scielo.br/j/abmvz/a/ghSZh3YS9WrnhqcdHYSFc9z/?format=pdf&lang=pt

Nenhum exemplar disponível.

BINAGRI

Telefone: (61)3218-2567/2388/3357/2097 - binagri@agro.gov.br

Ministério da Agricultura e Pecuária , Esplanada dos Ministérios, Bloco D, Anexo B, Brasília/DF, CEP: 70.043-900